Komsomol pre dnešok i zajtrajšok

Bibliographic Details
Main Author: Jůzek, Zdenko (Author)
Format: Article
Language:Slovak
Subjects:

MARC

LEADER 00000nab a2200000 a 4500
001 vtls000079899
003 SK-MaSNL
005 20260303032114.0
008 220422c1981 xo 0 slo
015 |a SNBRB19rr/mm-uuuuu 
035 |a CL0090000 
040 |a SNKBUCL  |b slo  |c SNKBUCL  |e AACR2 
041 0 |a slo 
044 |a xo  |c SK 
080 |a 329.78(47+57)  |2 1981 
100 1 |a Jůzek, Zdenko  |4 aut  |9 1014690 
245 1 0 |a Komsomol pre dnešok i zajtrajšok  |c Zdenko Jůzek 
610 2 7 |a Vsesojuznyj leninskij kommunističeskij sojuz moloďoži  |2 snkbucl  |9 186617 
655 7 |a články z novín a časopisov  |2 snkbucl  |9 267496 
773 0 |t Smena  |g Roč. 34, č. 72 (26. 3. 1981), s. 1-2 
850 |a Slovenská národná knižnica v Martine  |a MTA001 
852 |a SNK  |b KIS3GCP 
958 |a RK 
958 |a ME 
992 |a RBX 
999 |c 1662291  |d 1664221